000 00627nam a2200241 a 4500
001 nice12345678
003 IN_TiNIC
005 20260116012822.0
008 050524s1980 phia grp 000 0 eng
020 _a
_c100
082 0 0 _a291
_bBAS1
100 _aBasetti Sani, Giulio
245 _aIslam in the History of Salvation
_b Christian Interpretation.
260 _aPhilippines
_bPhilippiniana Sacra
_c1980
300 _a111p
500 _aincludes index and biblioraphy
505 2 _aIndex
650 _aComparative Religion
700 1 _aBasetti Sani, Giulio
902 _bSRS
942 _cBK
999 _c8505
_d8505